All Turkish Wars - Statistics

General Stats
  • This quiz has been taken 39 times
  • The average score is 87 of 171
Answer Stats
Years War % Correct
1570-1572 Russo-Crimean Wars
93%
1676-1681 | 1710-1711 | 1735-1739 | +5 others Russo-Turkish War
93%
1798-1801 French Invasion of Egypt
89%
1821-1823 Ottoman–Iranian War
86%
1917-1922 Russian Civil War
86%
1830-1903 French conquest of Algeria
82%
1881 French conquest of Tunisia
82%
1897 Greco-Turkish War
82%
1821-1832 Greek War of Independence
82%
1876-1877 1st Serbian-Ottoman War
79%
1804-1813 1st Serbian Uprising
79%
1877-1878 2nd Serbian–Ottoman War
79%
1815-1817 2nd Serbian Uprising
79%
1882 Anglo-Egyptian War
79%
1807-1809 Anglo-Turkish War
79%
1997 Iraqi Kurdish Civil War
79%
1536-1538 | 1542-1546 | 1551-1559 Italian War
79%
1911-1912 Italo-Turkish War
79%
1596-1597 Serb Uprising
79%
1551-1559 Spanish-Ottoman War
79%
1492-1792 Spanish–Ottoman Wars
79%
2011 1st Libyan Civil War
75%
1447-1448 Albanian–Venetian War
75%
1918-1920 Armenian–Azerbaijani War
75%
1878 Austro-Hungarian occupation of Bosnia and Herzegovina
75%
2020-Present Intervention in Libya
75%
1526-1791 Ottoman–Habsburg Wars
75%
2011-2025 Syrian Civil War
75%
1527-1528 | 1529 | 1552 Hungarian Campaign
71%
1366-1526 Hungarian-Ottoman Wars
71%
1978-2025 Kurdistan Insurgency
71%
1530-1552 Little War in Hungary
71%
1426-1428 Ottoman-Hungarian War
71%
1490-1494 War of the Hungarian Succession
71%
1914-1918 WW1
71%
1519-1639 Acehnese–Portuguese Conflicts
68%
1507-1542 Ajuran-Portuguese Wars
68%
1381-1384 | 1389-1390 Albanian-Epirote War
68%
1432-1479 Albanian–Ottoman Wars
68%
1432-1436 | 1833-1839 | 1847 | 1910-1912 Albanian Revolt
68%
1481-1484 Albanian Uprising
68%
1663-1664 | 1716-1718 | 1737-1739 | 1787-1791 Austro-Turkish War
68%
1534 | 1574 Conquest of Tunis
68%
1853-1856 Crimean War
68%
1874-1876 Egyptian–Ethiopian War
68%
1831-1833 | 1839-1841 Egyptian–Ottoman War
68%
1508-1573 Gujarati–Portuguese Conflicts
68%
2014-2017 Intervention in Iraq
68%
1505-1517 Mamluk–Portuguese Conflicts
68%
1505-1517 Ottoman–Persian Wars
68%
1538-1560 | 1558-1566 | 1585-1589 Ottoman–Portuguese Conflicts
68%
1939-1945 WW2
68%
1382-1385 Zetan-Albania War
68%
1912-1913 1st Balkan War
64%
1913 2nd Balkan War
64%
1493-1593 Hundred Years' Croatian–Ottoman War
64%
1974 Invasion of Cyprus
64%
1831-1832 Bosnian Uprising
61%
1995 Bosnian War
61%
1341-1347 | 1352-1357 | 1371 Byzantine Civil War
61%
1382-1393 Conquest of Bulgaria
61%
1485-1503 | 1620-1621 | 1633-1634 | 1672-1676 Polish–Ottoman War
61%
2001-2021 War in Afghanistan
57%
1554-1576 Expeditions to Morocco
54%
1998-1999 Kosovo War
54%
1908 Young Turk Revolution
54%
1394-1395 Campaign against Wallachia
50%
1950-1953 Korean War
50%
1854 Macedonian Revolution
50%
1893-1908 Macedonian Struggle
50%
1852-1853 | 1861-1862 | 1876-1878 Montenegrin–Ottoman War
50%
1821 | 1848 Wallachian Revolution
50%
1516-1517 2nd Ottoman-Mamluk War
46%
1453 Fall of Constantinople
46%
1484-1486 Mamluk War
46%
1402-1413 Ottoman Interregnum
46%
1919-1923 Turkish War of Independence
46%
1463-1479 1st Ottoman-Venetian War
43%
1499-1503 2nd Ottoman-Venetian War
43%
1537-1540 3rd Ottoman-Venetian War
43%
1570-1573 4th Ottoman–Venetian War
43%
1683-1699 Great Turkish War
43%
1990-1991 Gulf War
43%
1811-1818 Ottoman-Saudi War
43%
1714-1718 Ottoman–Venetian War
43%
1532-1555 2nd Ottoman–Safavid War
39%
1866-1869 | 1897-1898 Cretan Revolt
39%
1529-1543 Ethiopian–Adal War
39%
2012-Present Mali War
39%
1578-1590 | 1602-1613 | 1603-1618 | +2 others Ottoman–Safavid War
39%
1399-1402 Ottoman-Timurid War
39%
1593-1606 Long Turkish War
36%
1509-1513 Civil War
32%
1473-1479 | 1484-1486 Moldavian War
32%
1710-1714 Great Northern War
25%
1396 Crusade of Nicopolis
21%
1551 Conquest of Tripolitania
18%
1443-1444 Crusade of Varna
18%
1421-1522 2nd Conquest of Anatolia
14%
1769-1772 Danish–Algerian War
14%
1937-1938 Dersim Massacre
14%
1480-1481 Invasion of Otranto
14%
1557 Campaign of Tlemcen
11%
1852-1862 Herzegovina uprising
11%
1875 Herzegovina Uprising
11%
1743-1746 Ottoman–Afsharid War
11%
1645-1669 War of Candia
11%
1785-1789 1st Scutari-Ottoman War
7%
1598 1st Tarnovo Uprising
7%
1385 1st Zenebishi Uprising
7%
1418 2nd Ottoman-Gjirokastër War
7%
1791-1795 2nd Scutari-Ottoman War
7%
1686 2nd Tarnovo Uprising
7%
1829-1831 3rd Scutari-Ottoman War
7%
1624-1632 Abaza Revolts
7%
1876 April Uprising
7%
1927-1930 Ararat Rebellion
7%
2009-Present Boko Haram Insurgency
7%
1578 Castilian War
7%
1519-1610 Celali Rebellions
7%
1362 Conquest of Adrianople
7%
1554-1589 Conquest of Habesh
7%
1462 Conquest of Lesbos
7%
1565-1898 Conquest of the Philippines
7%
1547 Invasion of Guria
7%
1770 Orlov Revolt
7%
1414 Ottoman-Gjirokastër War
7%
1726-1727 Ottoman–Hotaki War
7%
1893 Ottoman–Qatari War
7%
1775-1776 Ottoman–Zand War
7%
1416-1420 Revolt of Sheikh Bedreddin
7%
1904 Sasun Uprising
7%
1925 Sheikh Said Rebellion
7%
1879-1882 Urabi revolt
7%
1895-1896 Zeitun Rebellion
7%
No matching quizzes found
Score Distribution
Percent of People with Each Score
Percentile by Number Answered
Your Score History
You have not taken this quiz